000 01157cam a2200205 4500
001 L128917
008 050301n2003 000 0 eng u
035 _a(Sirsi) u128917
041 _aeng
050 _a658.404
_c18
110 _aRoyal Institution of Chartered Surveyors
_bProject Management Faculty
_94639
245 _aProject management and the private finance initiative
260 _aLondon
_bRICS
_c2003
300 _a50p.
_c30cm.
520 _aRICS Project Management Faculty sponsored the College of Estate Management to research how often and to what extent faculty members were involved in the PFI process. The aim was to help increase awareness of PFI among the surveying profession, as well as develop and expand project management skills and competencies. The report is based on interviews with practitioners involved in the PFI process and an online survey of RICS Project Management faculty members.
690 _aProject management
_96261
710 _aCollege of Estate Management
_9400
856 _uhttps://www.rics.org/RICSWEB/getpage.aspx?p=IIC6olnZ3EOGXkXQITQoJA
_zView the report free of charge at www.rics.org...
942 _n0
999 _c104037
_d104037